00831nam a22001937a 4500008004100000020001800041050001500059245005000074260003200124300003100156500002000187505023200207700002000439700001600459700001600475942001200491999001600503952011800519190807b xxu||||| |||| 00| 0 eng d a9780415376693 aPE1075.C36 aChanging English. /cedited by: David Garddol aNew York:bRouledge,c2007. aiii, 291 p.:bill.;c25 cm aIncludes index. aContents: English voices -- The origins of English -- Modernity and english as a national language -- English-colonial to postcolonial -- Accent as social symbol -- Dialect variation in English -- Style shifting, codeswitching. a Graddol, David aLeith, Dick aSwann, Joan 2lcccBK c6883d14383 00102lcc4070aWIUC-1bWIUC-1cREFd2019-08-07l0oPE1075.C36p7835/262/15r2019-08-07 00:00:00w2019-08-07yBK